Important Philosophers in Epistemology - Statistics

General Stats
  • This quiz has been taken 15 times
  • The average score is 9 of 16
Answer Stats
Picture Hint Answer % Correct
founder of empiricism Aristotle
93%
Empiricism; tabula rasa John Locke
93%
theory of Forms Plato
93%
Rationality; Cogito ergo sum René Descartes
93%
Skepticism; problem of induction David Hume
79%
Absolute Idealism Georg W.F. Hegel
79%
Transcendental Idealism Immanuel Kant
71%
On Certainty; language & meaning Ludwig Wittgenstein
71%
esse est percipi George Berkeley
50%
falsification theory Karl Popper
50%
Pragmatism; fallibilism Charles Sanders Peirce
36%
Pragmatic theory of truth William James
36%
process reliabilism Alvin Goldman
7%
traditional definition of knowledge as "Justified True Belief" (JTB) is insufficient Edmund Gettier
7%
virtue epistemology Ernest Sosa
7%
Coherentism vs foundationalism debate Laurence BonJour
0%
No matching quizzes found
Score Distribution
Percent of People with Each Score
Percentile by Number Answered
Your Score History
You have not taken this quiz